00505nam a2200169Ia 4500008004100000082001500041100001900056245004200075250000800117260003200125300001300157500002400170650001500194942000700209952010200216999001700318230524s9999 xx 000 0 und d a621.3bDOR aRichard C.Dorf 4aThe Electrical Engineering Hand books a2ND aCALIFORNIAbCRC Pressc1997 aXII;2683 aQuantity Number: 1 aElectrical cBK 00104070aTATCLbTATCLcGENd2023-05-24l0o621.3 DORp9048r2023-05-24w2023-05-24yBKzBE2102 c33553d33553